Vật lý lý thú

Những kiến thức cơ bản về vật lí theo hướng nghiên cứu sâu, sinh động hoá như: vận tốc tổng hợp chuyển động, trọng lực và trọng lượng, đòn bẩy, áp suất, sức cản của môi trường, sự quay "Động cơ vĩnh cửu", tính chất của các chất lỏng và chất khí .....

Descrición completa

Gardado en:
Detalles Bibliográficos
Outros autores: Thế Trường (b.s), Trần Văn Ba (b.s), Lê Nguyên Long (b.s)
Formato: Libro
Idioma:Vietnamese
Publicado: H. Văn hoá Thông tin 2005
Những chủ đề:
Các nhãn: Engadir etiqueta
Sen Etiquetas, Sexa o primeiro en etiquetar este rexistro!
Thư viện lưu trữ: Mạng thư viện Đại học Đà Nẵng
LEADER 01518nam a22003978a 4500
001 000008225
003 4410
005 20111014141010.0
008 111014s2005 b 000 0 vieod
020 |c 25000đ  |d 1.000b 
041 0 |a vie 
080 |a 001(098) 
082 |a 530  |b Vât 
084 |a C3Z9  |b V124L 
245 1 0 |a Vật lý lý thú 
260 |a H.  |b Văn hoá Thông tin 
260 |c 2005 
300 |a 211 tr : tranh vẽ  |c 19cm 
520 |a Những kiến thức cơ bản về vật lí theo hướng nghiên cứu sâu, sinh động hoá như: vận tốc tổng hợp chuyển động, trọng lực và trọng lượng, đòn bẩy, áp suất, sức cản của môi trường, sự quay "Động cơ vĩnh cửu", tính chất của các chất lỏng và chất khí .. 
653 |a Khoa học thường thức 
653 |a Nghiên cứu khoa học 
653 |a Vật lí 
700 1 |a Thế Trường  |e b.s 
700 1 |a Trần Văn Ba  |e b.s 
700 1 |a Lê Nguyên Long  |e b.s 
910 |a Nguyễn Thị Kim Oanh  |d 14/10/2011 
OWN |a LSP 
AVA |a UDN50  |b LSP  |d 530 Vât  |e available  |t Error 5001 Not defined in file expand_doc_bib_avail.  |f 3  |g 0  |h N  |i 0  |k 1 
999 |a From the UDN01 
AVA |a UDN50  |b LSP  |d 530 Vât  |e available  |t Error 5001 Not defined in file expand_doc_bib_avail.  |f 3  |g 0  |h N  |i 0  |k 1 
TYP |a Monograph 
TYP |a Printed language 
980 |a Mạng thư viện Đại học Đà Nẵng